| 000 | 00520nam a2200181Ia 4500 | ||
|---|---|---|---|
| 005 | 20250603145925.0 | ||
| 008 | 250603s9999 xx 000 0 und d | ||
| 020 | _a9780785279105 | ||
| 050 | _aHF 5438.8.P75 .T73/ | ||
| 100 | _aTracy, Brian. | ||
| 245 | 4 | _aThe psychology of selling: how to sell more, easier, and faster than you ever thought possible | |
| 260 | _aUnited State | ||
| 260 | _bA division of Thomas Neelson publishers | ||
| 260 | _c2004 | ||
| 300 | _a220 p | ||
| 650 | _aUnited State | ||
| 942 | _cBK | ||
| 999 |
_c43253 _d43253 |
||